000 00645nam a2200229Ia 4500
005 20250108124742.0
008 008 250107s9999 xx 000 0 eng d
020 _a978-93-5529-012-0
037 _aREF
040 _aCRL
_beng
_cCRL
041 _aeng
_2eng
084 _aP111:4k [M0] (RR)
084 _qCRL
100 _aChenoy Shama Mitra (Shivaji) Au.
_9729694
245 0 _aNMML monograph
_cChenoy Shama Mitra (Shivaji) Au.
260 _aNew Delhi, India
_bNehru Memorial Museum
_c2053
300 _a53p.
365 _aINR
_b0
650 _aHISTORY
942 _cREF
_hP111:4k [M0] (RR)
999 _c1234441
_d1234441